Living death in medieval French and English literature

Guardat en:
Dades bibliogràfiques
Autor principal: GILBERT, Jane
Format: Llibre
Idioma:anglès
Publicat: Cambridge University Press 2014
Etiquetes: Afegir etiqueta
Sense etiquetes, Sigues el primer a etiquetar aquest registre!

MARC

LEADER 00000nam a22000007a 4500
008 230117b |||||||| |||| 00| 0 eng d
020 |a 9781107449251 
100 |a GILBERT, Jane 
245 |a Living death in medieval French and English literature  |c Jane Gilbert  |e Cambridge series in medieval literature  |g viii, 283p 
260 |b Cambridge University Press  |c 2014  |h London  |i 699728  |i 699729  |l PR275.D43G38  |m English literature-Middle English, 110-1500-History and criticism  |m French literature T0 1500- History and criticism  |m Death in literature  |m Death- Political aspects  |m Death- Moral and ethucal aspects  |m Existentialism in literature  |m Ethics in literature 
500 |a it includes index 
942 |a lcc  |c BK  |e Johnson  |f 17/01/23 
952 |0 0  |1 0  |2 lcc  |4 0  |6 PR0275 D43 G38  |7 0  |9 4164  |a ART  |b HOL  |c LP  |d 2023-01-17  |l 0  |o PR275.D43G38  |p 2023-0094  |r 2023-01-17 00:00:00  |t 699728  |w 2023-01-17  |y BK 
999 |c 2086  |d 2086